[Event "White Nights Open"]
[Site "St Petersburg RUS"]
[Date "2008.06.23"]
[Round "3"]
[White "Gavrikov,Vi2"]
[Black "Orlov,Ana"]
[Result "0-1"]
[WhiteElo "1678"]
[BlackElo "2061"]

1.Nf3 d5 2.g3 g6 3.e3 Bg7 4.d4 Nf6 5.c4 c6 6.b3 O-O 7.Nbd2 Bf5 8.a3 Qc8 9.h3 Ne4
10.Bb2 h5 11.cxd5 cxd5 12.Rc1 Qd8 13.Nh4 Bd7 14.Nxe4 dxe4 15.Be2 Nc6 16.g4 e5
17.d5 Qxh4 18.dxc6 Bxc6 19.gxh5 Rad8 20.Qc2 gxh5 21.Qc5 Rd5 22.Qxa7 Qd8 23.b4 Rd2
24.Bc3 Rxe2+ 25.Kxe2 Qd3+ 26.Ke1 Bb5 27.Rc2 Qxc2  0-1

[Event "White Nights Open"]
[Site "St Petersburg RUS"]
[Date "2008.06.24"]
[Round "4"]
[White "Serov,M"]
[Black "Utkin,Alex"]
[Result "1-0"]
[WhiteElo "2295"]
[BlackElo "2187"]

1.Nf3 d5 2.g3 Bg4 3.Bg2 Nd7 4.c4 c6 5.cxd5 cxd5 6.Qb3 Nc5 7.Qb4 Bxf3 8.Bxf3 e6
9.O-O Qd7 10.Nc3 Nf6 11.Qb5 a6 12.Qxd7+ Ncxd7 13.d4 Bd6 14.Bd2 O-O 15.g4 Nb6
16.g5 Nfd7 17.e4 Nc4 18.Bc1 dxe4 19.Nxe4 Be7 20.b3 Na5 21.Bf4 Nc6 22.Rfd1 Nb6
23.Nd6 Bxd6 24.Bxd6 Rfc8 25.Rac1 Nd5 26.Rc5 Rd8 27.Bg3 Rd7 28.Be4 Rad8 29.f3 g6
30.Rd2 Nde7 31.Bf2 Nd5 32.a3 Nce7 33.Bg3 Nc6 34.b4 Nde7 35.Bf2 Nd5 36.h4 Nce7
37.Bg3 Ne3 38.Be5 N3f5 39.h5 gxh5 40.Bf6 Nxd4 41.Rxd4 Rxd4 42.Bxe7 Rd1+ 43.Kf2 R8d2+
44.Ke3 f5 45.gxf6 Kf7 46.Bc2  1-0

[Event "XII Izmailov Mem"]
[Site "Tomsk RUS"]
[Date "2008.06.25"]
[Round "1"]
[White "Kharashuta,E"]
[Black "Bryzgalin,K"]
[Result "0-1"]
[WhiteElo "2194"]
[BlackElo "2529"]

1.Nf3 d5 2.g3 Nf6 3.Bg2 c6 4.c4 dxc4 5.O-O Nbd7 6.Qc2 Nb6 7.a4 a5 8.Na3 Be6
9.Ng5 Qd7 10.Nxe6 Qxe6 11.d3 cxd3 12.Qxd3 g6 13.e4 Bg7 14.Be3 Nfd7 15.Qc2 Qd6
16.f4 Bd4 17.Rf3 Qc5 18.Qb3 Bxe3+ 19.Rxe3 Qb4 20.Bh3 Nc5 21.Qc2 Rd8 22.Rc1 Ncxa4
23.Rb3 Qd4+ 24.Kh1 O-O 25.Bf1 Rd7 26.Nc4 Nxc4 27.Qxc4 Rb8 28.h4 e6 29.e5 Rbd8
30.Qxd4 Rxd4 31.Rxb7 Rd1 32.Rxd1 Rxd1 33.Kg1 Rb1 34.Ra7 Nxb2 35.Rxa5 Nc4
36.Ra8+ Kg7 37.Kf2 Rb2+ 38.Be2 Rc2 39.Ra6 Nd2 40.Ke3 Nb3 41.g4 Rc3+ 42.Kf2 Nc5
43.Rb6 Ne4+  0-1

[Event "XII Izmailov Mem"]
[Site "Tomsk RUS"]
[Date "2008.06.25"]
[Round "1"]
[White "Zablotsky,S"]
[Black "Shimelkov,V"]
[Result "1-0"]
[WhiteElo "2508"]
[BlackElo "2202"]

1.Nf3 d5 2.g3 Nf6 3.Bg2 c5 4.O-O Nc6 5.d4 e6 6.c4 dxc4 7.Qa4 Qb6 8.Ne5 Bd7
9.Nxd7 Nxd7 10.d5 Nd4 11.Nc3 Qb4 12.Qd1 e5 13.e3 Nf5 14.d6 Nxd6 15.Nd5 Qa5
16.Bd2 Qd8 17.Qa4 Be7 18.Ba5 b6 19.Nxe7 Kxe7 20.Bc3 b5 21.Qc2 b4 22.Be1 f5
23.Rd1 e4 24.f3 Nf6 25.g4 exf3 26.Bxf3 Qb6 27.gxf5 Rhe8 28.Qg2 Rad8 29.Qxg7+ Nf7
30.Rxd8 Rxd8 31.Bh4 c3 32.bxc3 bxc3 33.Bh5 Rf8 34.Rc1 c4 35.Qg3 c2 36.Kf2 Qd6
37.Bxf7 Qd2+ 38.Kf3 Kxf7 39.Qc7+ Ke8 40.Qc8+ Kf7 41.Qe6+ Kg7 42.Bxf6+ Rxf6
43.Qe7+ Kg8 44.Qe8+ Kg7 45.Qe7+ Kg8 46.Rg1+ Rg6 47.fxg6 Qd5+ 48.Kf4  1-0

[Event "White Nights Open"]
[Site "St Petersburg RUS"]
[Date "2008.06.26"]
[Round "6"]
[White "Serov,M"]
[Black "Senkevich,K"]
[Result "1-0"]
[WhiteElo "2295"]
[BlackElo "2136"]

1.Nf3 d5 2.g3 c5 3.Bg2 Nc6 4.d4 cxd4 5.Nxd4 Nf6 6.O-O Qb6 7.Nxc6 bxc6 8.c4 e6
9.Nc3 Be7 10.Na4 Qb4 11.b3 O-O 12.Bd2 Qd6 13.Be3 Rd8 14.Bc5 Qc7 15.cxd5 Bxc5
16.Nxc5 cxd5 17.Rc1 Qa5 18.Qc2 Rb8 19.Rfd1 Nd7 20.e4 Nxc5 21.Qxc5 Qxa2 22.Qc7 Bd7
23.exd5 Qxb3 24.dxe6 Qxe6 25.Rd6 Rbc8 26.Qxc8 Rxc8 27.Rxc8+  1-0

[Event "White Nights Open"]
[Site "St Petersburg RUS"]
[Date "2008.06.27"]
[Round "7"]
[White "Eidelson,R"]
[Black "Utkin,V"]
[Result "1-0"]
[WhiteElo "2163"]
[BlackElo "2066"]

1.Nf3 d5 2.g3 Nf6 3.Bg2 c6 4.O-O Bg4 5.d3 Nbd7 6.Nbd2 e5 7.e4 dxe4 8.dxe4 Bc5
9.Qe1 O-O 10.h3 Bh5 11.Nh4 Re8 12.Nf5 Nf8 13.Nb3 Bb6 14.a4 a5 15.Bg5 h6 16.Be3 Bxe3
17.fxe3 Qc7 18.Nxh6+ gxh6 19.Rxf6 Re6 20.Rxe6 Nxe6 21.Qc3 b6 22.Rf1 Bg6 23.Nd2 Nc5
24.b3 Rd8 25.Kh2 Kg7 26.h4 f6 27.Rf2 Rd6 28.g4 Qd7 29.Bf3 Qd8 30.Nc4 Re6
31.Nd2 Rd6 32.Rg2 Re6 33.Qb2 Rd6 34.Qc1 b5 35.axb5 cxb5 36.Qe1 Qd7 37.g5 hxg5
38.hxg5 f5 39.exf5 Bxf5 40.Nf1 Be4 41.Bxe4 Nxe4 42.Ng3 Rd1 43.Nh5+ Kf8 44.Qh4 Qf5
45.g6 Kg8 46.Ng3 Nxg3 47.Qh7+ Kf8  1-0

[Event "Helmut Kohl IM"]
[Site "Dortmund GER"]
[Date "2008.06.28"]
[Round "1"]
[White "Gutman,L"]
[Black "Heinzel,O"]
[Result "1-0"]
[WhiteElo "2484"]
[BlackElo "2388"]

1.Nf3 d5 2.g3 Nf6 3.Bg2 c6 4.O-O Bg4 5.Ne5 Bf5 6.d4 Nbd7 7.c4 e6 8.Bg5 Nxe5
9.dxe5 h6 10.Be3 Nd7 11.cxd5 cxd5 12.Qb3 Qb8 13.Nc3 Be7 14.Rac1 a6 15.Bd4 O-O
16.e4 dxe4 17.Nxe4 Nxe5 18.Qc3 f6 19.Bxe5 fxe5 20.Qc7 Rf7 21.h4 Qxc7 22.Rxc7 Bf8
23.Rfc1 Rxc7 24.Rxc7 Rd8 25.Rxb7 Rd1+ 26.Kh2 Rd4 27.f3 Bxe4 28.fxe4 Bc5 29.Bh3 Rxe4
30.Bxe6+ Kf8 31.h5 Re2+ 32.Kh3 Rf2 33.Bd5 Bd4 34.b4 Rf6 35.Rb8+ Ke7 36.Rg8 Kd6
37.Be4 Bc3 38.a3 Bb2 39.a4 Bc3 40.Rb8 a5 41.bxa5 Bxa5 42.Ra8 Be1 43.a5 Rf7
44.a6 Bf2 45.Rb8 Ba7 46.Rb5 Rc7 47.Rd5+ Ke6 48.Rd3 Rc5 49.Rb3 Kd6 50.Kg4 Ra5
51.Rb7 Rxa6 52.Rxg7 Ra1 53.Rg6+ Kc5 54.Rxh6 Kd4 55.Bf5 Ke3 56.Re6 Ra4+ 57.Kh3 Bd4
58.h6 Kf3 59.h7 Ra1 60.Kh4 Rh1+ 61.Kg5 Kxg3 62.Be4 Rh4 63.Re8 Be3+ 64.Kg6  1-0

[Event "White Nights Open"]
[Site "St Petersburg RUS"]
[Date "2008.06.28"]
[Round "8"]
[White "Gavrikov,Vi2"]
[Black "Gugnin,R"]
[Result "0-1"]
[WhiteElo "1678"]
[BlackElo "2032"]

1.Nf3 d5 2.g3 g6 3.d4 Bg7 4.c3 Nf6 5.Bg2 O-O 6.O-O Nbd7 7.Na3 c6 8.Nc2 Ne4
9.Nfe1 f5 10.f4 e6 11.Nb4 h6 12.Nbd3 Kh7 13.Nf3 Qb6 14.Be3 Ndf6 15.Kh1 Bd7
16.Bg1 Rfc8 17.Rb1 a5 18.Nfe5 Re8 19.Bxe4 dxe4 20.Nc5 Bc8 21.d5 cxd5 22.Nxe4 Qc7
23.Nxf6+ Bxf6 24.Bd4 Bxe5 25.Bxe5 Qc4 26.b3 Qe4+ 27.Rf3 d4 28.cxd4 Bd7 29.Kg1 Bb5
30.Re3 Qxe3+ 31.Kf1 Rac8 32.a4 Ba6  0-1

[Event "XII Izmailov Mem"]
[Site "Tomsk RUS"]
[Date "2008.06.28"]
[Round "4"]
[White "Voitsekhovsky,S"]
[Black "Egin,V"]
[Result "1/2-1/2"]
[WhiteElo "2511"]
[BlackElo "2444"]

1.Nf3 d5 2.g3 Bg4 3.Bg2 Nd7 4.c4 e6 5.cxd5 exd5 6.Nc3 Ngf6 7.h3 Bxf3 8.Bxf3 Ne5
9.Bg2 Qd7 10.d4 Nc4 11.Bg5 c6 12.Bxf6 gxf6 13.Qc2 f5 14.O-O-O Bb4 15.e3 O-O-O
16.Ne2 Kb8 17.Nf4 Rhe8 18.h4 Bf8 19.Bh3 Nd6 20.Kb1 Ne4 21.Nd3 h6 22.Rc1 Qe6
23.Rhe1 Qf6 24.Ka1 Bd6 25.Rh1 Re7 26.Qe2 f4 27.gxf4 Qxh4 28.Bg2 Qf6 29.Bf3  1/2-1/2

[Event "Atlantis Meestertienkamp"]
[Site "Groningen NED"]
[Date "2008.06.29"]
[Round "3"]
[White "Bojkov,D"]
[Black "Brandenburg,D"]
[Result "1-0"]
[WhiteElo "2492"]
[BlackElo "2435"]

1.Nf3 d5 2.g3 Nf6 3.Bg2 c6 4.c4 Bg4 5.Ne5 Bf5 6.cxd5 cxd5 7.Nc3 e6 8.Qa4+ Nbd7
9.g4 Bc2 10.Nxf7 Bxa4 11.Nxd8 Rxd8 12.Nxa4 Nxg4 13.Bh3 Ndf6 14.Rg1 Ne5 15.Bxe6 d4
16.Rg5 Bd6 17.f4 Ng6 18.f5 Nf8 19.Bc4 a6 20.Rxg7 Rd7 21.Rg2 b5 22.Bb3 Rb7
23.Nc3 dxc3 24.bxc3 N8d7 25.d3 Rc7 26.Bb2 Be5 27.Rc1 Kd8 28.Kd2 Re8 29.e3 Nc5
30.Ba3 Bd6 31.Bxc5 Rxc5 32.Be6 Nd7 33.d4 Rc7 34.Kd3 Nb6 35.e4 Nc4 36.Re1 Ba3
37.Ree2 Bf8 38.e5 Nb6 39.Rg8 Na4 40.Rc2 Ba3 41.Rxe8+ Kxe8 42.f6 Bf8 43.Bb3 Nb6
44.Rg2 a5 45.Rg8 a4 46.Bd1 Kf7 47.Rh8  1-0

[Event "XII Izmailov Mem"]
[Site "Tomsk RUS"]
[Date "2008.06.29"]
[Round "5"]
[White "Slugin,A"]
[Black "Kuderin,D"]
[Result "1-0"]
[WhiteElo "2071"]
[BlackElo "2225"]

1.Nf3 d5 2.g3 c5 3.Bg2 Nc6 4.O-O e5 5.c4 d4 6.d3 Bg4 7.a3 Qd7 8.Re1 Bd6 9.Nbd2 f5
10.Rb1 a5 11.Qa4 Ra6 12.Nf1 Nge7 13.e3 O-O 14.exd4 exd4 15.h3 Bxf3 16.Bxf3 f4
17.g4 Qc8 18.Qd1 Ne5 19.Re4 N7g6 20.Qe2 Bc7 21.Nh2 Nd7 22.Re6 Rxe6 23.Qxe6+ Kh8
24.Bd2 b6 25.Re1 Nge5 26.Bc6 Nxc6 27.Qxc6 Ne5 28.Qe4 Qa8 29.Bxf4 Nxd3 30.Bxc7 Nxe1
31.Qxe1 Qc6 32.Be5 Kg8 33.Qb1 Qe6 34.Qe4 Qxc4 35.Bd6 Rc8 36.Nf3 h6 37.Nh4 Qf7
38.Nf5 Re8 39.Ne7+ Kh8 40.a4 Rd8  1-0

[Event "Sparkassen Open"]
[Site "Dortmund GER"]
[Date "2008.07.01"]
[Round "2"]
[White "Heck,N"]
[Black "Fischoeder,H"]
[Result "0-1"]
[WhiteElo "2312"]
[BlackElo "1964"]

1.Nf3 d5 2.g3 Nd7 3.c4 c6 4.d4 e6 5.Bg2 Bd6 6.Qc2 Ngf6 7.O-O O-O 8.b3 Qe7
9.Bb2 e5 10.cxd5 e4 11.Nh4 Nb6 12.dxc6 bxc6 13.f3 Nbd5 14.Qc1 e3 15.f4 Bg4
16.Nf3 Rac8 17.Na3 Ne4 18.Nc4 Bb4 19.Nce5 Bxf3 20.Nxf3 Nd2 21.Rd1 c5 22.Qc2 cxd4
23.Qd3 Nc3 24.Rdc1 Rfd8 25.a3 Nxe2+ 26.Qxe2 d3 27.Rxc8 dxe2 28.Rxd8+ Qxd8
29.axb4 Nxf3+ 30.Bxf3 Qd2 31.Bxe2 Qxe2 32.Bd4 a6 33.b5 Qf2+ 34.Kh1 Qf3+ 35.Kg1 axb5
36.Rf1 Qe4 37.Bc5 Qd3 38.b4 Qd2 39.Ra1 h5 40.Kh1 Qf2 41.Bd4 f6 42.Bc3 e2
43.Rg1 Qf3+ 44.Rg2 Qxc3 45.Rxe2 Qxb4  0-1

[Event "Sparkassen Open"]
[Site "Dortmund GER"]
[Date "2008.07.01"]
[Round "3"]
[White "Podzielny,KH"]
[Black "Kroencke,M"]
[Result "1-0"]
[WhiteElo "2412"]
[BlackElo "2174"]

1.Nf3 d5 2.g3 Nf6 3.Bg2 e6 4.O-O Be7 5.d3 O-O 6.Nbd2 c5 7.e4 Nc6 8.Re1 Qc7
9.e5 Nd7 10.Qe2 b5 11.Nf1 a5 12.h4 b4 13.Bf4 Ba6 14.Ne3 Qb6 15.Qd2 Rfd8 16.Bg5 Bxg5
17.hxg5 Qc7 18.Ng4 Nf8 19.Nh4 Ng6 20.Nxg6 hxg6 21.Qf4 Nd4 22.Rac1 Rab8 23.Nh2 a4
24.Nf3 Nc6 25.Nd2 Qe7 26.g4 Bb5 27.Re3 Qa7 28.Rh3 Nd4 29.Bf1 Kf8 30.Rh7 Be8
31.Rh8+ Ke7 32.Rg8 a3 33.b3 Nb5 34.Rxg7 Kd7 35.Qf6 Kc8 36.Nb1 Rd7 37.c4 bxc3
38.Nxc3 Nxc3 39.Rxc3 Qa5 40.Rc2 Rc7 41.Rg8 Kb7 42.Qf4 Ka7 43.Qe3 Bd7 44.Rg7 Be8
45.Rh7 Ka8 46.Qc1 Rbc8 47.Rh3 Qb4 48.Be2 Bb5 49.Kg2 Ba6 50.Rh1 Bb7 51.Bf3 Kb8
52.Qe3 Qd4 53.Rhc1 Ba6 54.Be2 Kb7 55.Rb1 Qb4 56.Kg3 Kb6 57.Rd1 Kb7 58.Bf3 Kb8
59.Rdc1 Qd4 60.Rd2 Kb7 61.Rdd1 Kb6 62.Qe2 Bb5 63.Bg2 Ba6 64.f4 Bb5 65.Rd2 Ba6
66.Re1 Bb5 67.Qe3 Ba6 68.Qf3 Bb5 69.Qf2 Ba6 70.Re3 Bb5 71.Qe1 Qb4 72.Rd1 Bc6
73.Rf3 Bb7 74.Rc1 Ba6 75.f5 gxf5 76.gxf5 Qxe1+ 77.Rxe1 exf5 78.Rxf5 Bxd3
79.Rf6+ Kb5 80.Bxd5 Rg8 81.Kf4 Bg6 82.Re3 Rh8 83.Bc4+  1-0

[Event "Match"]
[Site "Podgorica MNE"]
[Date "2008.07.02"]
[Round "5"]
[White "Djukic,Ni"]
[Black "Ivanovic,B"]
[Result "1/2-1/2"]
[WhiteElo "2543"]
[BlackElo "2444"]

1.Nf3 d5 2.g3 Nf6 3.Bg2 c6 4.O-O Bg4 5.b3 Nbd7 6.Bb2 e6 7.h3 Bh5 8.d4 Be7
9.Nbd2 O-O 10.c4 a5 11.a3 Qb6 12.Rc1 Rfd8  1/2-1/2

[Event "Helmut Kohl IM"]
[Site "Dortmund GER"]
[Date "2008.07.03"]
[Round "6"]
[White "Gutman,L"]
[Black "Fiebig,T"]
[Result "0-1"]
[WhiteElo "2484"]
[BlackElo "2400"]

1.Nf3 d5 2.g3 Nf6 3.Bg2 c6 4.O-O Bg4 5.Ne5 Bf5 6.d4 Nbd7 7.c4 e6 8.Nc3 Be7
9.Qb3 Qb6 10.Nxd7 Nxd7 11.e4 dxe4 12.Nxe4 Nf6 13.Nc3 O-O 14.d5 Qxb3 15.axb3 cxd5
16.cxd5 Nxd5 17.Nxd5 exd5 18.Bxd5 Be6 19.Bxe6 fxe6 20.Re1 Kf7 21.Ra4 Bf6
22.Be3 a6 23.Rc4 Rac8 24.Rec1 Rxc4 25.bxc4 Rd8 26.b4 Rd3 27.b5 Rc3 28.Rxc3 Bxc3
29.Kf1 Bb4 30.Ke2 Ke7 31.Bd4 g6 32.Be5 Bd6 33.Bd4 axb5 34.cxb5 e5 35.Be3 Ke6
36.Kd3 Kd5 37.f3 Bc5 38.Bd2 Bg1 39.Be1 Kc5 40.Ke4 Kxb5 41.Kxe5 Kc4 42.h4 b5
43.g4 Kd3 44.f4 Bh2 45.Ba5 Ke3 46.Kf6 Kxf4 47.h5 g5  0-1

[Event "Ladoga Summer"]
[Site "Novaya Ladoga RUS"]
[Date "2008.07.03"]
[Round "3"]
[White "Sedov,Alek2"]
[Black "Mishuchkov,N"]
[Result "1/2-1/2"]
[WhiteElo "2246"]
[BlackElo "2371"]

1.Nf3 d5 2.g3 c5 3.Bg2 Nc6 4.O-O Nf6 5.c4 e6 6.cxd5 Nxd5 7.d4 Be7 8.dxc5 Bxc5
9.Ng5 Be7 10.Ne4 O-O 11.Nbc3 Nxc3 12.Nxc3 Qb6 13.Qa4 Bd7 14.Rb1 Rfd8 15.Be3 Qb4
16.Qxb4 Bxb4 17.Rfd1 Kf8 18.Ne4 Be8 19.a3 Be7 20.b4 Rac8 21.Rdc1 b6 22.h3 Ne5
23.Nd2 Bb5  1/2-1/2

[Event "Sparkassen Open"]
[Site "Dortmund GER"]
[Date "2008.07.04"]
[Round "7"]
[White "Podzielny,KH"]
[Black "Zaitsev,Mikhail1"]
[Result "1/2-1/2"]
[WhiteElo "2412"]
[BlackElo "2476"]

1.Nf3 d5 2.g3 Nf6 3.Bg2 c6 4.b3 Bf5 5.Bb2 e6 6.O-O h6 7.c4 Be7 8.d3 O-O 9.Nbd2 Nbd7
10.a3 a5 11.Rc1 Bh7 12.Rc2 Re8 13.Qa1 Bd6 14.Bh3 e5 15.cxd5 cxd5 16.Nh4 Bf8
17.Ng2 e4 18.dxe4 Nxe4 19.Nxe4 Bxe4 20.Rc3 Ne5 21.Qd1 d4 22.Rc4 d3  1/2-1/2

[Event "ChInt Open"]
[Site "Paris FRA"]
[Date "2008.07.05"]
[Round "8"]
[White "Bernard,Ch"]
[Black "Rozentalis,E"]
[Result "0-1"]
[WhiteElo "2361"]
[BlackElo "2582"]

1.Nf3 d5 2.g3 c5 3.Bg2 Nc6 4.O-O Nf6 5.c4 d4 6.d3 e5 7.e3 dxe3 8.Bxe3 h6
9.Nc3 Be7 10.Nd5 Nxd5 11.cxd5 Qxd5 12.Nd4 Qxg2+ 13.Kxg2 cxd4 14.Bd2 Be6 15.a3 O-O
16.f4 f5 17.fxe5 Nxe5 18.Kg1 Bf6 19.Rc1 Rae8 20.Bb4 Rf7 21.h3 Rd7 22.Qe2 Bd5
23.Rce1 Rdd8 24.Qd1 g6 25.Kh2 h5 26.Bc5 Bc6 27.Bxa7 Kg7 28.Bb6 Rd6 29.Rxe5 Bxe5
30.Re1 h4 31.Rxe5 hxg3+ 32.Kxg3 Rxe5 33.Kf4 Rb5 34.Bc7 g5+ 35.Kxg5 f4+ 36.Kh4 Rh6+
37.Kg4 f3 38.Qe1 Kf7 39.Bd8 Re6 40.Qh4 Rg6+ 41.Kf4 Rd5 42.Qe7+ Kg8 43.Qe4 Rdd6  0-1

[Event "5th Sth Wales Int"]
[Site "Trefforst WLS"]
[Date "2008.07.06"]
[Round "3"]
[White "White,Mi"]
[Black "Haslinger,S"]
[Result "0-1"]
[WhiteElo "2289"]
[BlackElo "2511"]

1.Nf3 d5 2.g3 Bg4 3.Bg2 Nd7 4.d3 c6 5.b3 e5 6.O-O Bd6 7.Bb2 Ne7 8.Nbd2 O-O
9.e4 f6 10.a3 d4 11.Qb1 a5 12.h3 Be6 13.Nh2 Qc7 14.Nc4 b5 15.Nxd6 Qxd6 16.f4 c5
17.c4 a4 18.f5 Bf7 19.Qc2 axb3 20.Qxb3 bxc4 21.dxc4 Rfb8 22.Qa2 Nb6 23.Rfc1 Nxc4
24.Rxc4 Rxb2 25.Qxb2 Bxc4 26.Rc1 Bf7 27.Bf1 Rb8 28.Qc2 Rb3  0-1

[Event "FSGM July"]
[Site "Budapest HUN"]
[Date "2008.07.07"]
[Round "3"]
[White "Berczes,D"]
[Black "Prohaszka,P2"]
[Result "0-1"]
[WhiteElo "2458"]
[BlackElo "2509"]

1.Nf3 d5 2.g3 Nf6 3.Bg2 e6 4.O-O Be7 5.d3 c5 6.Nbd2 b6 7.e4 Bb7 8.e5 Nfd7
9.Re1 Nc6 10.Nf1 Qc7 11.Bf4 O-O-O 12.c3 h6 13.g4 g5 14.Bg3 Nf8 15.b4 cxb4
16.cxb4 Bxb4 17.Re2 Kb8 18.Rc1 Qd7 19.Ne3 Ng6 20.Qa4 Nd4  0-1

[Event "36th TCh-GRE"]
[Site "Kallithea Halkidiki GRE"]
[Date "2008.07.07"]
[Round "3"]
[White "Papadimitriou,A"]
[Black "Lazaridis,H"]
[Result "1-0"]
[WhiteElo "2064"]
[BlackElo "2086"]

1.Nf3 d5 2.g3 Nf6 3.Bg2 Bg4 4.c4 c6 5.Ne5 Bf5 6.d3 Nbd7 7.Nxd7 Qxd7 8.cxd5 cxd5
9.Qb3 e6 10.Nc3 Be7 11.O-O O-O 12.Bf4 Rfc8 13.Rac1 Bc5 14.e4 Bg6 15.exd5 Bxd3
16.Rfd1 Bc4 17.dxe6 Qxe6 18.Qxb7 h6 19.Re1 Qf5 20.Re5 Bxf2+ 21.Kh1 Qg6 22.Ne4 Nxe4
23.Bxe4 Qa6 24.Qxa6 Bxa6 25.Bxa8 Rxa8 26.Kg2 Bd4 27.Re7 Bf6 28.Rd7 Bc8 29.Rd2 Be6
30.b4 Be7 31.a3 a5 32.Rc7 Bf8 33.b5 Bxa3 34.b6 Rb8 35.b7 Bb4 36.Rc8+  1-0

[Event "7th Open"]
[Site "La Fere FRA"]
[Date "2008.07.07"]
[Round "3"]
[White "Piankov,E"]
[Black "Belloc,S"]
[Result "1-0"]
[WhiteElo "2337"]
[BlackElo "1804"]

1.Nf3 d5 2.g3 Nf6 3.Bg2 Bf5 4.O-O e6 5.d3 c5 6.Nbd2 Nc6 7.c4 Be7 8.Re1 dxc4
9.Nxc4 O-O 10.Qb3 b6 11.Nh4 Nd4 12.Qd1 Rc8 13.Nxf5 Nxf5 14.Bf4 Nd6 15.Ne5 Nd5
16.d4 Nxf4 17.gxf4 cxd4 18.Qxd4 Nf5 19.Qxd8 Rfxd8 20.Nc6 Rd7 21.Rac1 Rcc7
22.Ne5 Rxc1 23.Rxc1 Rd8 24.Nc6 Re8 25.Nxa7 g6 26.Nc6 Bf6 27.e3 Ne7 28.Ne5 Rd8
29.Be4 Bg7 30.Rc7 Kf8 31.Rb7 f6 32.Nd7+ Ke8 33.Nxb6  1-0

[Event "Superfinal Chelyabinsk Oblast"]
[Site "Satka RUS"]
[Date "2008.07.07"]
[Round "2"]
[White "Kotsur,P"]
[Black "Sherbakov,R"]
[Result "1/2-1/2"]
[WhiteElo "2566"]
[BlackElo "2509"]

1.Nf3 d5 2.g3 c6 3.Bg2 Bg4 4.O-O Nd7 5.d3 e6 6.c4 Bd6 7.Be3 Ne7 8.Qb3 Qb8
9.cxd5 exd5 10.Qa4 Bxf3 11.Bxf3 O-O 12.Nc3 Nc5 13.Qc2 Ne6 14.d4  1/2-1/2

[Event "Superfinal Chelyabinsk Oblast"]
[Site "Satka RUS"]
[Date "2008.07.07"]
[Round "2"]
[White "Yatsenko,A"]
[Black "Riazantsev,A"]
[Result "1/2-1/2"]
[WhiteElo "2483"]
[BlackElo "2617"]

1.Nf3 d5 2.g3 g6 3.Bg2 Bg7 4.O-O Nf6 5.c4 c6 6.cxd5 cxd5 7.Nc3 O-O 8.d4 Nc6
9.Ne5 e6 10.Nxc6 bxc6 11.b3 Nd7 12.Na4 c5 13.Bb2 Ba6 14.dxc5 Bxb2 15.Nxb2 Nxc5  1/2-1/2

[Event "36th TCh-GRE"]
[Site "Kallithea Halkidiki GRE"]
[Date "2008.07.08"]
[Round "4"]
[White "Oreopoulos,K"]
[Black "Tzermiadianos,An"]
[Result "0-1"]
[WhiteElo "2284"]
[BlackElo "2455"]

1.Nf3 d5 2.g3 g6 3.Bg2 Bg7 4.O-O Nf6 5.c4 O-O 6.d4 dxc4 7.Na3 Nc6 8.Nxc4 Be6
9.Nce5 Bd5 10.Bf4 Qc8 11.Rc1 Rd8 12.Nxc6 bxc6 13.Qa4 Qb7 14.b3 Nd7 15.Rfd1 a5
16.Qa3 Qb4 17.Qb2 a4 18.Qb1 axb3 19.e4 b2 20.Rc2 Bxe4 21.Qxb2 Qa3 22.Ng5 Bxc2
23.Qxc2 Qxa2 24.Qxc6 Nf6 25.Qxc7 Nd5 26.Bxd5 Rxd5 27.Qxe7 Rxd4 28.Rc1 Qd5
29.Qe2 Rda4 30.Qf3 Qf5 31.Kg2 h6 32.Nh3 g5 33.g4 Qe6 34.Rc6 Qe4 35.Bg3 Qxg4
36.Qxg4 Rxg4 37.f4 gxf4 38.Nxf4 Rg5 39.Rc2 Rga5 40.Kh3 Be5 41.Rc6 Kh7 42.Rb6 Ra4
43.Kg4 Rg8+ 44.Kf3 Bxf4 45.Bxf4 Rg6 46.Rb7 Rf6  0-1

[Event "36th TCh-GRE"]
[Site "Kallithea Halkidiki GRE"]
[Date "2008.07.08"]
[Round "4"]
[White "Gesos,P"]
[Black "Tassopoulos,M"]
[Result "1/2-1/2"]
[WhiteElo "2321"]
[BlackElo "2271"]

1.g3 d5 2.Nf3 e6 3.Bg2 Nf6 4.O-O Be7 5.b3 c5 6.Bb2 Nc6 7.d4 O-O 8.Nbd2 b6
9.c4 Bb7 10.e3 Rc8 11.Rc1 cxd4 12.Nxd4 Nxd4 13.Bxd4 Rc7 14.Be5 Rd7 15.Qe2 Qa8
16.Rfd1 dxc4 17.Bxb7 Qxb7 18.Nxc4 Rfd8 19.Rxd7 Rxd7 20.Rd1  1/2-1/2

[Event "2nd NJ Futurity Int"]
[Site "New Jersey USA"]
[Date "2008.07.08"]
[Round "3"]
[White "Zlotnikov,M"]
[Black "Ippolito,D"]
[Result "1-0"]
[WhiteElo "2345"]
[BlackElo "2445"]

1.Nf3 d5 2.g3 c6 3.Bg2 Nf6 4.O-O Bg4 5.c4 Nbd7 6.d4 e6 7.cxd5 exd5 8.Bf4 Be7
9.Nc3 O-O 10.Qc2 Re8 11.h3 Bh5 12.Nh4 Bb4 13.f3 Nf8 14.a3 Ba5 15.g4 Bg6 16.Qd2 Ne6
17.Nxg6 hxg6 18.Be5 Nd7 19.b4 Bb6 20.Kh1 f6 21.Bh2 Nxd4 22.Rad1 g5 23.e4 dxe4
24.Nxe4 Nf8 25.Nd6 Re7 26.Qa2+ Kh7 27.Qb1+ g6 28.Ne4 Rd7 29.f4 gxf4 30.Rxf4 f5
31.gxf5 Nxf5 32.Rxd7+ Nxd7 33.h4 Bc7 34.Ng5+ Qxg5 35.hxg5 Bxf4 36.Bxf4 Nf8
37.Be4 Ng7 38.Bd6 Nfe6 39.Bxg6+ Kg8 40.Be7 a5 41.Qf1 axb4 42.Bf7+  1-0

[Event "36th TCh-GRE"]
[Site "Kallithea Halkidiki GRE"]
[Date "2008.07.09"]
[Round "6"]
[White "Hadzimanolis,A"]
[Black "Festas,G"]
[Result "1-0"]
[WhiteElo "2306"]
[BlackElo "2172"]

1.Nf3 d5 2.g3 Nf6 3.Bg2 Bg4 4.c4 Bxf3 5.Bxf3 c6 6.Qb3 Qb6 7.Qxb6 axb6 8.cxd5 Nxd5
9.Nc3 e6 10.O-O Nd7 11.Nxd5 exd5 12.d4 Bd6 13.Bd2 O-O 14.a4 Rfe8 15.e3 f5
16.Rfc1 Nf6 17.b4 Ne4 18.Be1 Rec8 19.Be2 Be7 20.g4 g6 21.gxf5 gxf5 22.f3 Nf6
23.Bd3 f4 24.Bf5 Rc7 25.e4 Rd8 26.e5 Ne8 27.a5 bxa5 28.bxa5 Ng7 29.Bg4 Ra8
30.Bd2 h5 31.Bh3 Bg5 32.Bb4 Ne8 33.Kf2 Be7 34.Rg1+ Kf8 35.Bd2 Ng7 36.Bxf4 Bb4
37.e6 Re7 38.Bg5 Rxe6 39.Bxe6 Nxe6 40.Bh6+ Kf7 41.Rab1 c5 42.dxc5 Bxc5+ 43.Be3 d4
44.Rxb7+ Kf6 45.Bd2 d3+ 46.Be3 Rxa5 47.Bxc5 Ra2+ 48.Ke3 Nxc5 49.Rb6+ Ne6
50.Kxd3 Ra3+ 51.Ke4 Ra4+ 52.Ke3 h4 53.Rg4 Ra3+ 54.Kf2 Ra2+ 55.Kg1  1-0

[Event "36th TCh-GRE"]
[Site "Kallithea Halkidiki GRE"]
[Date "2008.07.09"]
[Round "6"]
[White "Papadimitriou,A"]
[Black "Dorfanis,I"]
[Result "0-1"]
[WhiteElo "2064"]
[BlackElo "2177"]

1.Nf3 d5 2.g3 Bg4 3.Bg2 c6 4.c4 e6 5.O-O Nd7 6.d4 Bd6 7.Nc3 Ngf6 8.b3 O-O
9.Bb2 Re8 10.Re1 Bb4 11.a3 Ba5 12.b4 Bc7 13.b5 cxb5 14.cxd5 exd5 15.Nxb5 Ba5
16.Bc3 Ne4 17.Rc1 Rc8 18.Qb3 Nxc3 19.Nxc3 Qb6 20.Qxb6 Nxb6 21.Nb5 Bxe1 22.Rxe1 Rc2
23.Ne5 Bxe2 24.Nd6 Re7 25.Nf5 Rec7 26.h4 Rc1 27.Rxc1 Rxc1+ 28.Kh2 f6 29.Nf3 Bf1
30.Bh1 Be2 31.Ng1 Bc4 32.Nh3 Nc8 33.Nf4 Kf7 34.Nxd5 Rxh1+ 35.Kxh1 Bxd5+ 36.Kg1 g6
37.Ne3 Ke6 38.g4 Nb6  0-1

[Event "XVII Burgas Open"]
[Site "Ourense ESP"]
[Date "2008.07.09"]
[Round "7"]
[White "Gomez Dominguez,X"]
[Black "Lopez Grana,C"]
[Result "1-0"]
[WhiteElo "1977"]
[BlackElo "1764"]

1.Nf3 d5 2.g3 Nf6 3.Bg2 e6 4.O-O Bd6 5.d3 Nbd7 6.Nc3 c5 7.e4 d4 8.Ne2 O-O
9.Nd2 e5 10.Nc4 Bc7 11.a4 Nb6 12.Nxb6 axb6 13.Bd2 Bd7 14.b3 b5 15.axb5 Bxb5
16.Rxa8 Qxa8 17.f4 Re8 18.f5 Ba5 19.Bc1 h5 20.h3 Ba6 21.Bf3 b5 22.Bg5 Nh7
23.Qc1 g6 24.g4 Bd8 25.Bxd8 Qxd8 26.fxg6 fxg6 27.gxh5 gxh5 28.Kh2 Qh4 29.Qh6 Qf6
30.Rg1+ Kh8 31.Rg6 Qf8 32.Qxh5 Bc8 33.Rc6 Bd7 34.Rc7 Re7 35.Rxc5 Rf7 36.Qxe5+ Kg8
37.Nxd4 Rxf3 38.Nxf3 Qxf3 39.Qg3+  1-0

[Event "60th ch-MNE Youth"]
[Site "Cetinje MNE"]
[Date "2008.07.10"]
[Round "4"]
[White "Lekic,L"]
[Black "Grdinic,P"]
[Result "1/2-1/2"]
[WhiteElo "1613"]
[BlackElo "1907"]

1.Nf3 d5 2.g3 Nf6 3.Bg2 c5 4.d3 e6 5.Nbd2 Nc6 6.O-O Be7 7.e4 Qc7 8.Re1 O-O
9.e5 Nd7 10.Qe2 b6 11.Nf1 Nd4 12.Nxd4 cxd4 13.h4 Ba6 14.Bf4  1/2-1/2

[Event "Maestro Open"]
[Site "Berdsk RUS"]
[Date "2008.07.11"]
[Round "4"]
[White "Agafonov,A"]
[Black "Ruzanov,A"]
[Result "0-1"]
[WhiteElo "2149"]
[BlackElo "2020"]

1.Nf3 d5 2.g3 c6 3.Bg2 f5 4.d4 Nf6 5.O-O e6 6.c4 Be7 7.b3 O-O 8.Bb2 b6 9.Nbd2 a5
10.Ne5 Bb7 11.Rc1 c5 12.Nd3 Na6 13.Nf4 Nc7 14.h4 Bd6 15.dxc5 bxc5 16.cxd5 exd5
17.Nd3 Qe7 18.Qc2 Ne6 19.e3 Ne4 20.Be5 Rac8 21.Rfd1 Rfd8 22.Qb2 Ba6 23.Bf1 c4
24.Bxd6 Qxd6 25.Nxe4 dxe4 26.Nf4 Qxd1 27.Rxd1 Rxd1 28.Qe2 Rd6 29.Nxe6 c3
30.Qc2 Bd3 31.Qc1 Rxe6 32.Bh3 g6 33.g4 Rf6 34.gxf5 gxf5 35.Kh2 c2 36.h5 Kf7
37.Kg3 Rc5 38.Kf4 Be2 39.a3 Rd6 40.b4 axb4 41.axb4 Rc3 42.Bxf5 Rd1 43.Qb2 c1=Q
44.Qa2+ Rc4 45.Qa5 Qc3 46.Qa7+ Rc7 47.Qb8 Bxh5  0-1

[Event "7th Open"]
[Site "La Fere FRA"]
[Date "2008.07.11"]
[Round "8"]
[White "Mulder,BP"]
[Black "Pavillon,G"]
[Result "1-0"]
[WhiteElo "2219"]
[BlackElo "1797"]

1.Nf3 d5 2.g3 Nf6 3.Bg2 c5 4.O-O Nc6 5.d4 Bf5 6.c4 e6 7.cxd5 exd5 8.Nc3 Ne4
9.Qb3 Nxc3 10.bxc3 cxd4 11.Nxd4 Be4 12.Bxe4 Nxd4 13.cxd4  1-0

[Event "19th Czech Oce Open"]
[Site "Pardubice CZE"]
[Date "2008.07.11"]
[Round "2"]
[White "Dosedel,J"]
[Black "Reutsky,S"]
[Result "0-1"]
[WhiteElo "2067"]
[BlackElo "2344"]

1.Nf3 d5 2.g3 Nf6 3.Bg2 c5 4.O-O Nc6 5.d3 Bf5 6.Nbd2 e6 7.c3 Be7 8.Qc2 c4
9.Nh4 cxd3 10.exd3 Bg4 11.h3 Bh5 12.g4 Bg6 13.Nxg6 hxg6 14.Nf3 Qc7 15.Qa4 O-O-O
16.Bf4 e5 17.Bg3 Bd6 18.Rfe1 Rhe8 19.Ng5 Re7 20.b4 Nd7 21.Bxd5 Nb6 22.Qb3 Nxd5
23.Qxd5 Bxb4 24.Qc4 Bd6 25.Rab1 Na5 26.Qa4 f5 27.Nf3 Rde8 28.Bh4 Rd7 29.Bg3 Nc6
30.Kg2 e4 31.dxe4 Bxg3 32.fxg3 fxg4 33.hxg4 Rd3  0-1